| 000 | 00698nam a2200229Ia 4500 | ||
|---|---|---|---|
| 999 |
_c55661 _d55661 |
||
| 001 | 22756 | ||
| 003 | GE_BSU | ||
| 005 | 20220527133408.0 | ||
| 008 | 181216s2015||||gw |||||||||||||| ||gem|| | ||
| 020 | _a9783823368779 | ||
| 040 | _cGE_BSU | ||
| 041 | _agem | ||
| 080 | _a81'25 K-89 | ||
| 100 |
_aKußmaul, Paul _913864 |
||
| 245 |
_aVerstehen und Übersetzen : _bEin Lehr- und Arbeitsbuch. 3. Auflage. Uberarbeitete und erweiterte Auflage / _cKußmaul Paul. |
||
| 264 |
_aTubingen : _bNarr Verlag. _c2015. |
||
| 300 |
_a229 p.; _b23 cm. |
||
| 653 | _aVerstehen und Übersetzen: Ein Lehr- und Arbeitsbuch | ||
| 653 | _aПеревод | ||
| 653 | _aთარგმანი | ||
| 942 |
_cBK _2udc |
||